000 00957nmm a2200277 a 4500
001 ocm0001865017
003 TR-IsHL
005 20201028172347.0
008 180526s2016 tu tur
007 cr cn
020 _a9786051362625
035 _a1865017
_b(N$T)
050 0 4 _aPL54.21
_b.A83 2016
090 0 4 _aPL54.21
_b.A83 2016
100 1 _aAta, Aysu
245 1 0 _aÇağatay Türkçesinin ilk devresi: Harezm-Altın Ordu Türkçesi
_h[electronic resource] /
_cAysu Ata
250 _aİkinci basım
260 _aAnkara :
_bAnkara Üniversitesi Yayınevi,
_c2016
300 _a185 p.
650 4 _aDil ve Edebiyat
650 4 _aLanguage and Literature
650 0 _aHarezmi Türkçesi
_x Dilbilgisi
650 0 _aKhorezmian Turkic language
_xGrammar
650 7 _aFOREIGN LANGUAGE STUDY / Turkish & Turkic Languages
_2bisacsh
856 4 0 _uhttp://search.ebscohost.com/login.aspx?direct=true&scope=site&db=e011xww&AN=1865017
999 _c17161
_d17161